The persistence of memory : organism, myth, text
Αποθηκεύτηκε σε:
| Κύριος συγγραφέας: | |
|---|---|
| Μορφή: | Βιβλίο |
| Γλώσσα: | English |
| Δημοσίευση: |
Berkeley :
University of California Press,
1992
|
| Θέματα: | |
| Ετικέτες: |
Προσθήκη ετικέτας
Δεν υπάρχουν, Καταχωρήστε ετικέτα πρώτοι!
|
MARC
| LEADER | 00000nam a2200000 i 4500 | ||
|---|---|---|---|
| 001 | 1/61489 | ||
| 008 | 930910s1992 eng d | ||
| 020 | |a 0-520-07909-4 | ||
| 035 | |a ΛΕΣΒΟΣb10000865 |l 10000865 | ||
| 040 | |a GR-MY-UA |b gre |e aacr | ||
| 041 | 0 | |a eng | |
| 082 | 0 | |a 128.3 | |
| 100 | 1 | |a Kuberski, Philip. | |
| 245 | 1 | 4 | |a The persistence of memory : |b organism, myth, text / |c Philip Kuberski |
| 260 | |a Berkeley : |b University of California Press, |c 1992 | ||
| 300 | |a 145 p. | ||
| 504 | |a Includes bibliographical references and index | ||
| 650 | 0 | 0 | |a Memory (Philosophy) |
| 650 | 0 | 0 | |a History |x Philosophy. |
| 650 | 0 | 0 | |a Natural history |x Philosophy. |
| 852 | |a INST |b LESVOS |e 19930910 |h 128.3 KUB |p 005100006635 |q 005100006635 |t BK |y 0 | ||
| 909 | |a Λ |b 027661 | ||